Statistiques concernant Villes américaines par périphrases

Cliquez ici pour prendre le quiz!

Statistiques générales

  • Ce quiz a été pris 625 fois
    (431 depuis la dernière actualisation)
  • Le résultat moyen est 6 sur 15

Statistiques - réponses

PériphraseVille% Correct
La cité des angesLos Angeles
95%
La ville qui ne dort jamaisNew York
95%
La ville sur la baieSan Francisco
65%
Sin CityLas Vegas
63%
Motor CityDetroit
51%
Space cityHouston
51%
La ville des ventsChicago
47%
Big-DDallas
40%
A-TownAtlanta
28%
Magic TownMiami
23%
La ville de l'amour fraternelPhiladelphie
22%
BeantownBoston
21%
Emerald citySeattle
17%
The Big EasyLa-Nouvelle-Orléans
10%
La cité des rosesPortland
8%

Distribution des résultats

Percentile par nombre de réponses

% des personnes avec chaque résultat

Votre développement - résultats

Vous n’avez pas pris ce quiz depuis la dernière actualisation